000 00659cam a2200229 4500500
005 20260405003918.0
041 _afre
042 _adc
100 1 0 _aLarmagnac-Matheron, Octave
_eauthor
245 0 0 _aRudolf Steiner : penseur lunaire
260 _c2025.
500 _a35
690 _aAgriculture
690 _aÉsotérisme
690 _aGoethe
690 _aNazisme
690 _aPédagogie
690 _aRacisme
690 _aRudolf Steiner
786 0 _nPhilosophie magazine | 188 | 4 | 2025-04-01 | p. 47-49 | 1951-1787
856 4 1 _uhttps://shs.cairn.info/magazine-philosophie-magazine-2025-4-page-47?lang=fr&redirect-ssocas=7080
999 _c2072022
_d2072022